000 00495nam a2200133 a 4500
008 120416s1999 xx |||||||||||||| || u
050 _aTHESIS
100 _aKhunga, Bonny
245 1 0 _aPerformance of the privatised ZCCM companies and their future prospects
246 _aa case of Roan Antelope Mining Corporation (RAMCZ)
260 _c1999
350 _a0.00
995 _D0.00
_FCBU-MAIN LIBRARY (Kitwe)
_H1
_I0.00
_UAVAILABLE
_ZUniversity Collection
999 _c53357
_d53357